[Event "San Jose Banco Central op"]
[Site "San Jose"]
[Date "2019.11.05"]
[Round "2"]
[White "Carrillo Naranjo, Gerardo"]
[Black "Murillo Tsijli, Alexis"]
[Result "0-1"]
[WhiteElo "1684"]
[BlackElo "2290"]
[PlyCount "178"]
[EventDate "2019.10.29"]
[EventType "swiss"]
[EventRounds "7"]
[EventCountry "CRI"]
[SourceTitle "EXT 2021"]
[Source "ChessBase"]
[SourceDate "2020.10.23"]
[SourceVersion "1"]
[SourceVersionDate "2020.10.23"]
[SourceQuality "1"]

1. d4 e6 2. Nf3 f5 3. Bg5 Nf6 4. Nbd2 d5 5. e3 Be7 6. Bd3 Nbd7 7. a3 Ne4 8. Bxe7 Qxe7 9. Ne5 Nxe5 10. dxe5 0-0 11. g3 b5 12. f3 Nc5 13. b4 Na4 14. Nb3 c5 15. bxc5 Nxc5 16. Nd4 a6 17. Qd2 Bd7 18. 0-0 Rac8 19. Qa5 Qg5 20. f4 Qd8 21. Qxd8 Rfxd8 22. Rf2 Nxd3 23. cxd3 Rc3 24. Rd2 Rb8 25. Ne2 Rc7 26. Nd4 a5 27. Kf2 Kf7 28. Ke2 h6 29. Rc2 Rxc2+ 30. Nxc2 g5 31. Rb1 g4 32. Nd4 h5 33. Kf2 Ke7 34. e4 dxe4 35. dxe4 fxe4 36. Ke3 Rc8 37. Nxb5 Rc2 38. Nd4 Rxh2 39. Kxe4 Ra2 40. Rb3 a4 41. Rc3 Ra1 42. Re3 Rf1 43. Rc3 Rg1 44. Re3 Rb1 45. Rc3 Rf1 46. Nc2 Be8 47. Ne3 Bg6+ 48. Kd4 Rf3 49. Nd1 Rxc3 50. Nxc3 Bc2 51. Ne4 Kf7 52. Ng5+ Ke7 53. Ne4 Kd8 54. Nf2 Bf5 55. Ne4 Ke7 56. Ke3 Kf7 57. Nc5 Bc2 58. Ne4 Kg6 59. Nd6 Bb3 60. Kf2 Bc2 61. Ke3 Bb1 62. Kf2 Bd3 63. Ke3 Bc2 64. Kf2 Kg7 65. Ke3 Kf8 66. Ne4 Ke7 67. Nf6 Bg6 68. Ne4 Be8 69. Nf6 Bf7 70. Ne4 Bg6 71. Nc5 Bc2 72. Ne4 Kd8 73. Nc5 Bb3 74. Ne4 Bc2 75. Nf6 Bg6 76. Ne4 Ke7 77. Nc5 Bc2 78. Ne4 Kf7 79. Nc5 Bd1 80. Ne4 Bb3 81. Nd6+ Kg6 82. Ne4 h4 83. gxh4 Kh5 84. Kf2 Kxh4 85. Ng3 Bc2 86. Kg2 Bd3 87. Kh2 Ba6 88. f5 exf5 89. Nxf5+ Kg5 0-1

[Event "CRC-ch"]
[Site "San Jose"]
[Date "2016.07.30"]
[Round "10.4"]
[White "Nunez Valverde, Jairo"]
[Black "Murillo Tsijli, Alexis"]
[Result "1-0"]
[WhiteElo "1912"]
[BlackElo "2291"]
[PlyCount "74"]
[EventDate "2016.07.18"]
[EventType "tourn"]
[EventRounds "10"]
[EventCountry "CRI"]
[SourceTitle "EXT 2024"]
[Source "ChessBase"]
[SourceDate "2023.10.10"]
[SourceVersion "1"]
[SourceVersionDate "2023.10.10"]
[SourceQuality "1"]

1. Nc3 c5 2. Nf3 Nc6 3. d4 cxd4 4. Nxd4 Nf6 5. Bg5 Qa5 6. Bxf6 gxf6 7. Nb3 Qd8 8. g3 f5 9. e3 b6 10. Bg2 Ba6 11. Nd4 Rc8 12. Nxf5 Qc7 13. a3 Ne5 14. Nd4 h5 15. h3 Nc4 16. Nd5 Qe5 17. Qd3 Bg7 18. b3 Nxe3 19. Qxe3 e6 20. Qxe5 Bxe5 21. 0-0-0 Bxd4 22. Rxd4 exd5 23. Rxd5 Kd8 24. Rhd1 Rc7 25. Rf5 Rh7 26. Bf3 h4 27. g4 Rc3 28. Bg2 Kc7 29. Kb2 Rc5 30. Bd5 Bb7 31. Bxb7 Rxf5 32. Be4 Rxf2 33. Bxh7 Rf3 34. Rd3 Rxd3 35. Bxd3 Kd6 36. Kc3 Ke5 37. g5 Kd5 1-0

[Event "CRC-ch"]
[Site "San Jose"]
[Date "2016.07.27"]
[Round "8.4"]
[White "Murillo Gonzalez, Carlos E"]
[Black "Murillo Tsijli, Alexis"]
[Result "1/2-1/2"]
[WhiteElo "1972"]
[BlackElo "2291"]
[PlyCount "83"]
[EventDate "2016.07.18"]
[EventType "tourn"]
[EventRounds "10"]
[EventCountry "CRI"]
[SourceTitle "EXT 2024"]
[Source "ChessBase"]
[SourceDate "2023.10.10"]
[SourceVersion "1"]
[SourceVersionDate "2023.10.10"]
[SourceQuality "1"]

1. e4 e5 2. Nf3 Nc6 3. Bb5 Nf6 4. Qe2 d6 5. c3 Be7 6. 0-0 0-0 7. Rd1 Bg4 8. h3 Bh5 9. d4 exd4 10. cxd4 d5 11. e5 Ne4 12. Nc3 Nxc3 13. bxc3 Qd7 14. Bd3 f5 15. Re1 Nd8 16. Qc2 Bxf3 17. gxf3 g6 18. Kh2 Ne6 19. Rg1 Kh8 20. Rb1 c6 21. Bd2 b5 22. a4 a6 23. Ra1 Rac8 24. axb5 axb5 25. Qb2 Ra8 26. Bh6 Rfc8 27. Qc2 Bf8 28. Bxf8 Rxf8 29. Qd2 Rxa1 30. Rxa1 f4 31. Bf1 Ng5 32. Qe2 Rf5 33. Ra8+ Kg7 34. Qa2 Nxf3+ 35. Kg2 Nh4+ 36. Kh1 Rf7 37. Qe2 f3 38. Qe3 Qe6 39. Rd8 Nf5 40. Qf4 Ra7 41. Bd3 Qe7 42. Rc8 1/2-1/2

[Event "CRC-ch"]
[Site "San Jose"]
[Date "2016.07.23"]
[Round "5.4"]
[White "Murillo Tsijli, Alexis"]
[Black "Carvajal Gorgona, Jonathan G"]
[Result "1/2-1/2"]
[WhiteElo "2291"]
[BlackElo "2208"]
[PlyCount "63"]
[EventDate "2016.07.18"]
[EventType "tourn"]
[EventRounds "10"]
[EventCountry "CRI"]
[SourceTitle "EXT 2024"]
[Source "ChessBase"]
[SourceDate "2023.10.10"]
[SourceVersion "1"]
[SourceVersionDate "2023.10.10"]
[SourceQuality "1"]

1. d4 Nf6 2. Nf3 e6 3. c4 Bb4+ 4. Nc3 0-0 5. Qc2 c5 6. dxc5 Na6 7. a3 Bxc3+ 8. Qxc3 Nxc5 9. e3 a5 10. Be2 a4 11. 0-0 b6 12. Bd2 Bb7 13. Rad1 Nfe4 14. Qe5 f5 15. Bb4 d6 16. Bxc5 bxc5 17. Qxe6+ Kh8 18. Ne5 Qg5 19. f4 Qf6 20. Qxf6 Rxf6 21. Nd7 Re6 22. Bf3 Kg8 23. Nb6 Rb8 24. Nxa4 Bc6 25. Bxe4 Rxe4 26. Nc3 Rxc4 27. Rxd6 Rxb2 28. Rf2 Rxf2 29. Kxf2 Bxg2 30. Kxg2 Rxc3 31. Kf3 Rxa3 32. Rd5 1/2-1/2

[Event "Olympiad-41"]
[Site "Tromsoe"]
[Date "2014.08.11"]
[Round "9.3"]
[White "Murillo Tsijli, Alexis"]
[Black "Taleb Mohamed, Ahmed"]
[Result "1-0"]
[WhiteElo "2303"]
[BlackElo "2024"]
[PlyCount "109"]
[EventDate "2014.08.02"]
[EventType "team-swiss"]
[EventRounds "11"]
[EventCountry "NOR"]
[SourceTitle "CBM 162"]
[Source "ChessBase"]
[SourceDate "2014.09.17"]
[SourceVersion "1"]
[SourceVersionDate "2014.09.17"]
[SourceQuality "1"]
[WhiteTeam "Costa Rica"]
[BlackTeam "Mauritania"]
[WhiteTeamCountry "CRI"]
[BlackTeamCountry "MAU"]

1. e4 e5 2. d4 exd4 3. c3 dxc3 4. Bc4 Nf6 5. Nxc3 d5 6. exd5 Bd6 7. Bg5 0-0 8. Qd4 Be5 9. Qh4 Re8 10. Nge2 Qd6 11. 0-0 Bf5 12. Nb5 Qe7 13. Ned4 Bg6 14. Rae1 Qc5 15. Nb3 Qb4 16. Bd2 Qf8 17. f4 Bd6 18. Rxe8 Qxe8 19. Nxd6 cxd6 20. f5 Bh5 21. Bg5 Nbd7 22. Bb5 Qe4 23. Qxe4 Nxe4 24. Bf4 Nb6 25. h3 f6 26. Re1 Nc5 27. Nxc5 dxc5 28. d6 a6 29. Bf1 Nd7 30. Re7 Be8 31. Bc4+ Kf8 32. g4 h6 33. Bd5 Rb8 34. h4 b5 35. Kf2 Rb6 36. Bf7 Bxf7 37. Rxd7 Rb8 38. Be3 c4 39. Bc5 Be8 40. Rb7 Rd8 41. d7+ Kg8 42. dxe8Q+ Rxe8 43. Ra7 Rc8 44. Bb4 Rc6 45. Ra8+ Kh7 46. Ke3 c3 47. bxc3 Rc4 48. Kf3 h5 49. g5 Rxh4 50. gxf6 gxf6 51. Rxa6 Kg7 52. Be7 Rc4 53. Bxf6+ Kf7 54. Be5 b4 55. Ra7+ 1-0

[Event "Olympiad-41"]
[Site "Tromsoe"]
[Date "2014.08.10"]
[Round "8.4"]
[White "Murillo Tsijli, Alexis"]
[Black "Mastrovasilis, Athanasios"]
[Result "0-1"]
[WhiteElo "2303"]
[BlackElo "2526"]
[PlyCount "54"]
[EventDate "2014.08.02"]
[EventType "team-swiss"]
[EventRounds "11"]
[EventCountry "NOR"]
[SourceTitle "CBM 162"]
[Source "ChessBase"]
[SourceDate "2014.09.17"]
[SourceVersion "1"]
[SourceVersionDate "2014.09.17"]
[SourceQuality "1"]
[WhiteTeam "Costa Rica"]
[BlackTeam "Greece"]
[WhiteTeamCountry "CRI"]
[BlackTeamCountry "GRE"]

1. Nf3 Nf6 2. b3 d5 3. Bb2 Bf5 4. Nh4 Bc8 5. Nf3 c6 6. g3 Bf5 7. Bg2 e6 8. 0-0 Be7 9. d3 h6 10. c4 0-0 11. cxd5 cxd5 12. Nd4 Bh7 13. Nd2 Nbd7 14. Bh3 Qb6 15. N2f3 a5 16. Rb1 Bc5 17. Qd2 Rfe8 18. Rbc1 Rad8 19. Qc3 Bg6 20. Nh4 Bh5 21. e3 g5 22. Nhf5 exf5 23. Nxf5 Bf8 24. e4 dxe4 25. dxe4 Ne5 26. Bg2 Be2 27. Rfe1 Bb4 0-1

[Event "Olympiad-41"]
[Site "Tromsoe"]
[Date "2014.08.08"]
[Round "6.4"]
[White "Murillo Tsijli, Alexis"]
[Black "Guerrero Vargas, Andres Jesus"]
[Result "1/2-1/2"]
[WhiteElo "2303"]
[BlackElo "2318"]
[PlyCount "141"]
[EventDate "2014.08.02"]
[EventType "team-swiss"]
[EventRounds "11"]
[EventCountry "NOR"]
[SourceTitle "CBM 162"]
[Source "ChessBase"]
[SourceDate "2014.09.17"]
[SourceVersion "1"]
[SourceVersionDate "2014.09.17"]
[SourceQuality "1"]
[WhiteTeam "Costa Rica"]
[BlackTeam "Venezuela"]
[WhiteTeamCountry "CRI"]
[BlackTeamCountry "VEN"]

1. d4 Nf6 2. c4 e6 3. Nc3 Bb4 4. e3 0-0 5. Bd3 d5 6. Nf3 c5 7. 0-0 dxc4 8. Bxc4 Nbd7 9. Qe2 cxd4 10. exd4 Bxc3 11. bxc3 Qc7 12. Bg5 Re8 13. Rac1 b6 14. Bb5 a6 15. Bxd7 Nxd7 16. c4 Bb7 17. Rfe1 h6 18. Bh4 Nf8 19. Nd2 Qf4 20. Bg3 Qxd4 21. Be5 Qd7 22. Ne4 Qc6 23. f3 Ng6 24. Ba1 e5 25. c5 Nf4 26. Qf1 bxc5 27. Nxc5 f6 28. g3 Ne6 29. Ne4 Qb6+ 30. Qf2 Qxf2+ 31. Kxf2 Red8 32. Nc5 Nxc5 33. Rxc5 Rd3 34. Rc3 Rxc3 35. Bxc3 Rc8 36. Re3 Rc4 37. a3 Kf7 38. Bb4 g5 39. Rc3 Rxc3 40. Bxc3 Ke6 41. f4 exf4 42. gxf4 gxf4 43. Kg1 h5 44. Be1 Bc6 45. Bf2 Ke5 46. Ba7 Kd5 47. Bf2 Kc4 48. Ba7 f5 49. Bb8 Kb3 50. Bd6 Bd5 51. Bf8 a5 52. Kf2 Be4 53. Bd6 a4 54. Bf8 Bb7 55. h4 Bc6 56. Be7 Kb2 57. Bf8 Kc3 58. Bd6 f3 59. Be7 Kd4 60. Bd8 Bb7 61. Be7 Kd5 62. Bb4 Ke5 63. Be7 Kd5 64. Bb4 Ke4 65. Bf8 Ke5 66. Be7 Ke6 67. Bc5 Kf6 68. Bf8 Bc6 69. Bc5 Ba8 70. Bd6 Kf7 71. Bb4 1/2-1/2

[Event "Olympiad-41"]
[Site "Tromsoe"]
[Date "2014.08.05"]
[Round "4.4"]
[White "Akopian, Vladimir Eduardovic"]
[Black "Murillo Tsijli, Alexis"]
[Result "1-0"]
[WhiteElo "2655"]
[BlackElo "2303"]
[PlyCount "81"]
[EventDate "2014.08.02"]
[EventType "team-swiss"]
[EventRounds "11"]
[EventCountry "NOR"]
[SourceTitle "CBM 162"]
[Source "ChessBase"]
[SourceDate "2014.09.17"]
[SourceVersion "1"]
[SourceVersionDate "2014.09.17"]
[SourceQuality "1"]
[WhiteTeam "Armenia"]
[BlackTeam "Costa Rica"]
[WhiteTeamCountry "ARM"]
[BlackTeamCountry "CRI"]

1. Nf3 d5 2. g3 c6 3. Bg2 Bg4 4. c4 e6 5. 0-0 Nd7 6. cxd5 exd5 7. d3 Ngf6 8. Nc3 Be7 9. Qb3 Qb6 10. Qc2 0-0 11. e4 dxe4 12. dxe4 Rfe8 13. Be3 Qa5 14. h3 Bh5 15. Nd4 Bg6 16. f4 h5 17. Qf2 Bb4 18. Nb3 Qc7 19. e5 Bxc3 20. bxc3 Ne4 21. Qe1 Bh7 22. Bd4 f5 23. g4 hxg4 24. hxg4 Nef6 25. gxf5 Bxf5 26. Qh4 Ng4 27. Bf2 Nh6 28. Nd4 Nf8 29. Nxf5 Nxf5 30. Qh3 g6 31. Be4 Ne6 32. Qg4 Qg7 33. Rad1 Re7 34. Bc2 Rf8 35. Bb3 Kh7 36. Bh4 Ree8 37. Bg5 Qc7 38. Bf6 Qb6+ 39. Rf2 Neg7 40. Qh3+ Nh6 41. Rd7 1-0

[Event "San Jose zt 2.3"]
[Site "San Jose"]
[Date "2013.06.06"]
[Round "9.4"]
[White "Valdes Romero, Leonardo"]
[Black "Murillo Tsijli, Alexis"]
[Result "1-0"]
[WhiteElo "2436"]
[BlackElo "2301"]
[PlyCount "71"]
[EventDate "2013.06.02"]
[EventType "swiss"]
[EventRounds "9"]
[EventCountry "CRI"]
[SourceTitle "EXT 2024"]
[Source "ChessBase"]
[SourceDate "2023.10.10"]
[SourceVersion "1"]
[SourceVersionDate "2023.10.10"]
[SourceQuality "1"]

1. Nf3 c5 2. c4 e6 3. g3 d5 4. cxd5 exd5 5. d4 Nc6 6. Bg2 Nf6 7. 0-0 Be7 8. Nc3 0-0 9. Bg5 cxd4 10. Nxd4 h6 11. Be3 Re8 12. Rc1 Bf8 13. Nxc6 bxc6 14. Bd4 Bg4 15. h3 Bh5 16. Re1 Rb8 17. Qd2 Rb7 18. a3 Bg6 19. e3 Re6 20. Qd1 a5 21. Ne2 Be4 22. Nf4 Rd6 23. Be5 Rdd7 24. Rxc6 Bxg2 25. Kxg2 Ne4 26. Bd4 Qg5 27. h4 Qf5 28. g4 Qh7 29. Rc8 Nd6 30. Ra8 Qe4+ 31. f3 Qe7 32. Nxd5 Qxh4 33. Rh1 Qg5 34. Rh5 Qg6 35. Nf4 Qh7 36. Rc5 1-0

[Event "San Jose zt 2.3"]
[Site "San Jose"]
[Date "2013.06.03"]
[Round "6.6"]
[White "Jimenez Garcia, Emanuel"]
[Black "Murillo Tsijli, Alexis"]
[Result "1/2-1/2"]
[WhiteElo "2058"]
[BlackElo "2301"]
[PlyCount "52"]
[EventDate "2013.06.02"]
[EventType "swiss"]
[EventRounds "9"]
[EventCountry "CRI"]
[SourceTitle "EXT 2024"]
[Source "ChessBase"]
[SourceDate "2023.10.10"]
[SourceVersion "1"]
[SourceVersionDate "2023.10.10"]
[SourceQuality "1"]

1. d4 d5 2. c4 e6 3. Nc3 Be7 4. Nf3 Nf6 5. e3 0-0 6. Bd3 dxc4 7. Bxc4 a6 8. 0-0 b5 9. Bd3 Bb7 10. Qe2 b4 11. Nb1 c5 12. Rd1 cxd4 13. exd4 Qd5 14. Nbd2 Nc6 15. Nb3 Bd6 16. Bg5 Ne7 17. Nbd2 Ng6 18. Nc4 Bc7 19. Nce5 Qd6 20. Rac1 Rfc8 21. Bb1 Bd8 22. Nc4 Bxf3 23. Qxf3 Qd5 24. Ne5 Qxf3 25. Nxf3 Ne7 26. Ne5 Nfd5 1/2-1/2

[Event "San Jose zt 2.3"]
[Site "San Jose"]
[Date "2013.06.03"]
[Round "5.6"]
[White "Murillo Tsijli, Alexis"]
[Black "Chinchilla Miranda, Eugenio"]
[Result "0-1"]
[WhiteElo "2301"]
[BlackElo "2199"]
[PlyCount "82"]
[EventDate "2013.06.02"]
[EventType "swiss"]
[EventRounds "9"]
[EventCountry "CRI"]
[SourceTitle "EXT 2024"]
[Source "ChessBase"]
[SourceDate "2023.10.10"]
[SourceVersion "1"]
[SourceVersionDate "2023.10.10"]
[SourceQuality "1"]

1. c4 Nf6 2. Nc3 g6 3. g3 Bg7 4. Bg2 0-0 5. Nf3 d6 6. 0-0 a6 7. d3 e5 8. Bd2 h6 9. b4 Be6 10. a4 a5 11. b5 c6 12. bxc6 bxc6 13. c5 Na6 14. cxd6 Qxd6 15. Bc1 Nb4 16. Ba3 Rfd8 17. Rc1 Rac8 18. Nd2 Qe7 19. Nb3 Qa7 20. Rb1 c5 21. Nb5 Qa6 22. Qe1 Nfd5 23. Rc1 Bf8 24. Nd2 Nb6 25. Nc3 c4 26. Nxc4 Bxc4 27. dxc4 Nxc4 28. Nb5 Nd2 29. Nc7 Qd6 30. Nb5 Qb8 31. Nc3 Nxf1 32. Qxf1 Qb6 33. h4 Qd4 34. Bb2 Qd2 35. Ba1 Na2 36. Nxa2 Qxa2 37. Rb1 Rb8 38. Re1 Bb4 39. Rc1 Bd2 40. Rd1 Qxa4 41. Bxe5 Bc3 0-1

[Event "Olympiad-40"]
[Site "Istanbul"]
[Date "2012.09.03"]
[Round "6.4"]
[White "Murillo Tsijli, Alexis"]
[Black "Vedrickas, Tautvydas"]
[Result "1-0"]
[WhiteElo "2278"]
[BlackElo "2344"]
[PlyCount "87"]
[EventDate "2012.08.28"]
[EventType "team-swiss"]
[EventRounds "11"]
[EventCountry "TUR"]
[SourceTitle "CBM 151"]
[Source "ChessBase"]
[SourceDate "2012.11.13"]
[SourceVersion "1"]
[SourceVersionDate "2012.11.13"]
[SourceQuality "1"]
[WhiteTeam "Costa Rica"]
[BlackTeam "Lithuania"]
[WhiteTeamCountry "CRI"]
[BlackTeamCountry "LTU"]

1. e4 c5 2. Nf3 d6 3. d4 cxd4 4. Nxd4 Nf6 5. Nc3 a6 6. Bc4 e6 7. Qe2 Be7 8. Bb3 0-0 9. Be3 b5 10. 0-0-0 Qc7 11. f3 Nbd7 12. g4 Nc5 13. g5 Nfd7 14. h4 Nb6 15. h5 Nca4 16. Nb1 Nc4 17. g6 Bf6 18. h6 fxg6 19. hxg7 Bxg7 20. Qh2 Bf6 21. Bxc4 bxc4 22. b3 cxb3 23. axb3 Nc5 24. Nd2 e5 25. Nc6 Rf7 26. Nb4 Be6 27. Nc4 a5 28. Nd5 Bxd5 29. Rxd5 a4 30. Bxc5 axb3 31. cxb3 dxc5 32. f4 Qa7 33. fxe5 Bxe5 34. Nxe5 Qa1+ 35. Kd2 Qb2+ 36. Ke3 Qxb3+ 37. Rd3 Qb6 38. Nxf7 c4+ 39. Kf3 Qf6+ 40. Qf4 Qxf4+ 41. Kxf4 cxd3 42. Ne5 Rd8 43. Rd1 d2 44. Nf3 1-0

[Event "Olympiad-40"]
[Site "Istanbul"]
[Date "2012.08.29"]
[Round "2.4"]
[White "Macieja, Bartlomiej"]
[Black "Murillo Tsijli, Alexis"]
[Result "1-0"]
[WhiteElo "2594"]
[BlackElo "2278"]
[PlyCount "85"]
[EventDate "2012.08.28"]
[EventType "team-swiss"]
[EventRounds "11"]
[EventCountry "TUR"]
[SourceTitle "CBM 151"]
[Source "ChessBase"]
[SourceDate "2012.11.13"]
[SourceVersion "1"]
[SourceVersionDate "2012.11.13"]
[SourceQuality "1"]
[WhiteTeam "Poland"]
[BlackTeam "Costa Rica"]
[WhiteTeamCountry "POL"]
[BlackTeamCountry "CRI"]

1. Nf3 d5 2. d4 Nf6 3. c4 e6 4. Nc3 Be7 5. Bf4 0-0 6. e3 b6 7. Bd3 Bb7 8. cxd5 exd5 9. 0-0 c5 10. dxc5 bxc5 11. Rc1 Na6 12. Be5 c4 13. Bb1 Nc5 14. Qe2 Ba6 15. Rcd1 Nd3 16. Bxf6 Bxf6 17. Ne1 Bxc3 18. bxc3 Nxe1 19. Rfxe1 Qa5 20. Qd2 Bb7 21. h4 Qb6 22. Bc2 Qf6 23. Qd4 Qxd4 24. Rxd4 Rac8 25. Bd1 Rc5 26. Bf3 Ra5 27. Re2 g6 28. Red2 Ra3 29. Rc2 Ra5 30. Rcd2 Ra3 31. Bxd5 Bxd5 32. Rxd5 Rxc3 33. Rc5 Rb8 34. g3 Rb6 35. Rd4 Ra6 36. Rf4 Rc1+ 37. Kg2 c3 38. Rc7 c2 39. Rfxf7 Rd1 40. Rg7+ Kh8 41. Rxh7+ Kg8 42. Rcg7+ Kf8 43. Rb7 1-0

[Event "Isthmia op-A 2nd"]
[Site "Korinthos"]
[Date "2012.08.24"]
[Round "8"]
[White "Gogolis, Alexandros"]
[Black "Murillo Tsijli, Alexis"]
[Result "1/2-1/2"]
[WhiteElo "2267"]
[BlackElo "2278"]
[PlyCount "118"]
[EventDate "2012.08.18"]
[EventType "swiss"]
[EventRounds "9"]
[EventCountry "GRE"]
[SourceTitle "CBM 150 Extra"]
[Source "ChessBase"]
[SourceDate "2012.10.19"]
[SourceVersion "1"]
[SourceVersionDate "2012.10.19"]
[SourceQuality "1"]

1. d4 Nf6 2. Nf3 g6 3. c3 b6 4. Bg5 Bg7 5. Nbd2 Bb7 6. e3 0-0 7. Bd3 d6 8. Bxf6 Bxf6 9. h4 c5 10. h5 cxd4 11. exd4 e5 12. hxg6 hxg6 13. dxe5 Re8 14. Qc2 Bxe5 15. 0-0-0 Qf6 16. Rh4 Bf4 17. Rdh1 Bxf3 18. gxf3 Qxh4 19. Rxh4 Re1+ 20. Qd1 Bxd2+ 21. Kxd2 Rxd1+ 22. Kxd1 Nc6 23. Be4 Rc8 24. Bxc6 Rxc6 25. Kd2 Kf8 26. Kd3 Rc5 27. Ra4 a5 28. b4 Rf5 29. bxa5 bxa5 30. Ke3 Ke7 31. Rd4 Rb5 32. Re4+ Kd7 33. Rf4 Ke6 34. Re4+ Kd7 35. Rf4 Re5+ 36. Kd2 Ke6 37. Rc4 Kf5 38. Rd4 Rb5 39. Rxd6 Rb2+ 40. Ke3 Rxa2 41. f4 Ra3 42. Kd4 a4 43. Ra6 Ra1 44. Ke3 Kg4 45. c4 Kf5 46. c5 Ra3+ 47. Kd4 Rf3 48. c6 Rxf2 49. Ra5+ Ke6 50. Rc5 Rd2+ 51. Ke4 f5+ 52. Ke3 Rd8 53. Ra5 Rc8 54. Rxa4 Rxc6 55. Rd4 Rc3+ 56. Kf2 Rc6 57. Kg3 Rd6 58. Ra4 Kd5 59. Kh4 Kc5 1/2-1/2

[Event "Isthmia op-A 2nd"]
[Site "Korinthos"]
[Date "2012.08.19"]
[Round "3"]
[White "Murillo Tsijli, Alexis"]
[Black "Poulos, Georgios"]
[Result "1-0"]
[WhiteElo "2278"]
[BlackElo "2104"]
[PlyCount "53"]
[EventDate "2012.08.18"]
[EventType "swiss"]
[EventRounds "9"]
[EventCountry "GRE"]
[SourceTitle "CBM 150 Extra"]
[Source "ChessBase"]
[SourceDate "2012.10.19"]
[SourceVersion "1"]
[SourceVersionDate "2012.10.19"]
[SourceQuality "1"]

1. d4 Nf6 2. c4 g6 3. Nc3 d5 4. Nf3 Bg7 5. Bg5 Ne4 6. Bh4 Nxc3 7. bxc3 dxc4 8. Qa4+ c6 9. Qxc4 Qa5 10. e3 Be6 11. Qd3 Nd7 12. Nd2 c5 13. Be2 cxd4 14. cxd4 Nc5 15. Qb5+ Qxb5 16. Bxb5+ Nd7 17. Rb1 Rc8 18. 0-0 b6 19. Rbc1 Kd8 20. Rxc8+ Kxc8 21. Bxe7 Nf6 22. Rc1+ Kb7 23. e4 Rc8 24. Rxc8 Bxc8 25. d5 Nd7 26. Nc4 Be5 27. Bxd7 1-0

[Event "CRI-chT"]
[Site "San Jose"]
[Date "2012.07.27"]
[Round "6.2"]
[White "Murillo Tsijli, Alexis"]
[Black "Bermudez Vives, Sergio"]
[Result "1/2-1/2"]
[WhiteElo "2276"]
[BlackElo "2132"]
[PlyCount "48"]
[EventDate "2012.07.22"]
[EventType "team-tourn"]
[EventRounds "9"]
[EventCountry "CRI"]
[SourceTitle "EXT 2013"]
[Source "ChessBase"]
[SourceDate "2012.11.22"]
[SourceVersion "1"]
[SourceVersionDate "2012.11.22"]
[SourceQuality "1"]
[WhiteTeam "Colegio New Hope"]
[BlackTeam "Mapache"]
[WhiteTeamCountry "CRI"]
[BlackTeamCountry "CRI"]

1. e4 c5 2. Nf3 Nc6 3. Bb5 g6 4. Bxc6 bxc6 5. e5 Bg7 6. 0-0 Nh6 7. Re1 0-0 8. d3 f6 9. exf6 exf6 10. Nc3 Nf7 11. d4 cxd4 12. Nxd4 Bb7 13. Ne4 Qb6 14. Nf3 d6 15. c4 Rad8 16. c5 dxc5 17. Qc2 c4 18. Be3 Qb5 19. Nc5 Bc8 20. b3 cxb3 21. axb3 Rfe8 22. Nd4 Qb6 23. Nde6 Rd5 24. Nxg7 Rxe3 1/2-1/2

[Event "CRI-ch"]
[Site "San Jose"]
[Date "2011.10.23"]
[Round "6"]
[White "Arias Santana, Mauricio"]
[Black "Murillo Tsijli, Alexis"]
[Result "1/2-1/2"]
[WhiteElo "2327"]
[BlackElo "2301"]
[PlyCount "20"]
[EventDate "2011.10.18"]
[EventType "tourn"]
[EventRounds "11"]
[EventCountry "CRI"]
[SourceTitle "EXT 2012"]
[Source "ChessBase"]
[SourceDate "2011.11.24"]
[SourceVersion "1"]
[SourceVersionDate "2011.11.24"]
[SourceQuality "1"]

1. d4 d5 2. c4 e6 3. Nc3 Nf6 4. Nf3 c6 5. e3 Nbd7 6. Qc2 Bd6 7. Bd3 dxc4 8. Bxc4 0-0 9. 0-0 b5 10. Bd3 Bb7 1/2-1/2

[Event "CRI-ch"]
[Site "San Jose"]
[Date "2011.10.18"]
[Round "1"]
[White "Bermudez Munoz, Alexander"]
[Black "Murillo Tsijli, Alexis"]
[Result "0-1"]
[WhiteElo "2064"]
[BlackElo "2301"]
[PlyCount "36"]
[EventDate "2011.10.18"]
[EventType "tourn"]
[EventRounds "11"]
[EventCountry "CRI"]
[SourceTitle "EXT 2012"]
[Source "ChessBase"]
[SourceDate "2011.11.24"]
[SourceVersion "1"]
[SourceVersionDate "2011.11.24"]
[SourceQuality "1"]

1. d4 Nf6 2. c4 e6 3. Nc3 Bb4 4. Qc2 c5 5. Nf3 d5 6. cxd5 exd5 7. Bg5 h6 8. Bh4 Nc6 9. Rd1 g5 10. Bg3 Ne4 11. dxc5 Bf5 12. Qb3 Qa5 13. Qxd5 Bxc3+ 14. bxc3 Qxc3+ 15. Rd2 Nxd2 16. Qxd2 Qa1+ 17. Qd1 Qxa2 18. e3 Qa5+ 0-1

[Event "CRI-ch"]
[Site "San Jose"]
[Date "2010.08.09"]
[Round "13"]
[White "Murillo Tsijli, Alexis"]
[Black "Maynard, Francis"]
[Result "1/2-1/2"]
[WhiteElo "2286"]
[BlackElo "2202"]
[PlyCount "87"]
[EventDate "2010.07.26"]
[EventType "tourn"]
[EventRounds "13"]
[EventCountry "CRI"]
[SourceTitle "CBM 137 Extra"]
[Source "ChessBase"]
[SourceDate "2010.09.01"]
[SourceVersion "1"]
[SourceVersionDate "2010.09.01"]
[SourceQuality "1"]

1. d4 d5 2. c4 e6 3. Nc3 Nf6 4. Nf3 Be7 5. Bf4 0-0 6. e3 c5 7. dxc5 Qa5 8. Be2 Rd8 9. Qb3 Nc6 10. 0-0 dxc4 11. Qxc4 Qxc5 12. Qxc5 Bxc5 13. Rfd1 Bd7 14. Rac1 Be7 15. Kf1 Be8 16. a3 Rac8 17. Nb5 Nd5 18. Bg3 a6 19. Nbd4 Nxd4 20. Nxd4 Ba4 21. Re1 Bf6 22. Bf3 Bxd4 23. exd4 Bb3 24. Be2 Ne7 25. Rc3 Rxc3 26. bxc3 Rc8 27. Rc1 b5 28. Ke1 Bc4 29. Bd1 Nd5 30. a4 bxa4 31. Bxa4 Bb5 32. Bxb5 axb5 33. Kd2 Rc6 34. Ra1 f6 35. Ra3 Kf7 36. Bb8 b4 37. cxb4 Nxb4 38. Rb3 Rc2+ 39. Ke3 Nd5+ 40. Kf3 g5 41. Bd6 h5 42. h3 Kg6 43. g3 Nc3 44. Bc5 1/2-1/2

[Event "CRI-ch"]
[Site "San Jose"]
[Date "2010.08.07"]
[Round "11"]
[White "Arias Santana, Mauricio"]
[Black "Murillo Tsijli, Alexis"]
[Result "0-1"]
[WhiteElo "2345"]
[BlackElo "2286"]
[PlyCount "70"]
[EventDate "2010.07.26"]
[EventType "tourn"]
[EventRounds "13"]
[EventCountry "CRI"]
[SourceTitle "CBM 137 Extra"]
[Source "ChessBase"]
[SourceDate "2010.09.01"]
[SourceVersion "1"]
[SourceVersionDate "2010.09.01"]
[SourceQuality "1"]

1. d4 d5 2. c4 e6 3. Nc3 c5 4. cxd5 exd5 5. Nf3 Nc6 6. g3 Nf6 7. Bg2 Be7 8. 0-0 0-0 9. Bf4 Ne4 10. Rc1 Nxc3 11. Rxc3 g5 12. Bc1 cxd4 13. Rb3 Bf6 14. Qd2 g4 15. Nh4 a6 16. Qh6 Re8 17. Rd1 Rxe2 18. Bf4 b5 19. Qh5 Ne7 20. h3 Qd7 21. Bf1 Re4 22. Bd3 Ng6 23. Rc1 Bxh4 24. Bxe4 dxe4 25. gxh4 Nxf4 26. Qg5+ Ng6 27. h5 Qe7 28. Qd5 Bb7 29. Qxd4 Nf4 30. Re3 Nxh3+ 31. Kf1 Rd8 32. Qa7 Ng5 33. h6 Nf3 34. Kg2 Qh4 35. Rh1 Qxh1+ 0-1